000 00380nam a22001217a 4500
082 _a200 THE
100 _aSyed Hasnain Ali
_970517
245 _aTH-SOF-1099-Majority Based Ensemble Framework for Feature selection using Rough Set
260 _aISLAMABAD
_bNUST COLLEGE OF EME
_c2015
650 _aMS-CSE-12 MSTHESIS
700 _a SUPERVISOR Dr. Usman Qamar
_969693
942 _cCF
999 _c577489
_d577489